Focus (Record no. 80868)
[ view plain ]
| 000 -LEADER | |
|---|---|
| fixed length control field | 01007cab a22002535a 4500 |
| 001 - CONTROL NUMBER | |
| control field | L145551 |
| 008 - FIXED-LENGTH DATA ELEMENTS--GENERAL INFORMATION | |
| fixed length control field | 081021e20081018xxkabdof s 000 0 eng d |
| 035 ## - SYSTEM CONTROL NUMBER | |
| System control number | (Sirsi) u145551 |
| 041 0# - LANGUAGE CODE | |
| Language code of text/sound track or separate title | eng |
| 100 1# - MAIN ENTRY--PERSONAL NAME | |
| Personal name | Elghamry, Nadia |
| 245 00 - TITLE STATEMENT | |
| Title | Focus |
| Remainder of title | West Midlands |
| 260 ## - PUBLICATION, DISTRIBUTION, ETC. | |
| Date of publication, distribution, etc. | 2008 |
| 490 ## - SERIES STATEMENT | |
| Series statement | Estates Gazette |
| Volume/sequential designation | (0841) 18 October 2008, 117-139(16) |
| 520 ## - SUMMARY, ETC. | |
| Summary, etc. | Overview of the West Midlands commercial property market looks at a possible oversupply of office towers in Birmingham, commentary on the predicted effects of the recession on regeneration in the Midlands and regeneration in the Black Country. Also features sections on town centres and the growing use of incentives in the industrial sector. |
| 590 ## - LOCAL NOTE (RLIN) | |
| Local note | KA |
| 651 #4 - SUBJECT ADDED ENTRY--GEOGRAPHIC NAME | |
| Geographic name | England and Wales |
| Chronological subdivision | 1543- |
| 690 ## - LOCAL SUBJECT ADDED ENTRY--TOPICAL TERM (OCLC, RLIN) | |
| Topical term or geographic name as entry element | PROPERTY-COMMERCIAL PROPERTY-COMMERCIAL PROPERTY MARKET |
| 700 1# - ADDED ENTRY--PERSONAL NAME | |
| Personal name | Cunningham, Daniel |
| 700 1# - ADDED ENTRY--PERSONAL NAME | |
| Personal name | McBride, Laura |
| 700 1# - ADDED ENTRY--PERSONAL NAME | |
| Personal name | Pilkington, Lisa |
| 700 1# - ADDED ENTRY--PERSONAL NAME | |
| Personal name | Smith, Melanie |
| 700 1# - ADDED ENTRY--PERSONAL NAME | |
| Personal name | Thame, David |
| 942 ## - ADDED ENTRY ELEMENTS (KOHA) | |
| Suppress in OPAC | 0 |
| Withdrawn status | Lost status | Source of classification or shelving scheme | Damaged status | Not for loan | Home library | Current library | Shelving location | Date acquired | Total Checkouts | Full call number | Barcode | Date last seen | Copy number | Price effective from | Koha item type |
|---|---|---|---|---|---|---|---|---|---|---|---|---|---|---|---|
| Dewey Decimal Classification | London | London | Journal article | 21/10/2008 | L145551 | 145551-2001 | 06/08/2019 | 1 | 06/08/2019 | Journal article |